| 000 | 01400nam a2200349 i 4500 | ||
|---|---|---|---|
| 999 |
_c65401 _d65401 |
||
| 001 | 768714001 | ||
| 003 | CO-MdFUSB | ||
| 005 | 20200314085957.0 | ||
| 007 | ta | ||
| 008 | 200225t1996 -us |||| |||| 00| 0 eng d | ||
| 020 | _a0830818758 | ||
| 040 |
_aCO-MdFUSB _bspa _cCO-MdFUSB _dCO-MdFUSBC _erda |
||
| 041 | _aeng | ||
| 082 |
_223 _a232.1 _bB665t |
||
| 100 |
_aBockmuehl, Markus. _eautor |
||
| 245 | 1 | 0 |
_aThis Jesus : _bmartyr, lord, messiah. _c/ Marcus Bockmuehl |
| 264 | 1 |
_aEstados Unidos : _bInterVarsity Press, _c[1994] |
|
| 264 | 4 | _c© 1994 | |
| 300 |
_a242 páginas _c; 21 cm |
||
| 336 |
_2rdacontent _atexto _btxt |
||
| 337 |
_2rdamedia _asin mediación _bn |
||
| 338 |
_2rdacarrier _avolumen _bnc |
||
| 504 | _aIncluye referencias bibliográficas. | ||
| 505 | _a¿De dónde vino Jesús? -- ¿Era Jesús el Mesías? La esperanza mesiánica en el judaísmo antiguo: el término "Mesías"; Teología real; La casa de David; Reino y redención; Mesianismo del primer siglo. -- ¿Por qué Jesús predijo la destrucción del templo? -- ¿Falló Jesús? -- ¿Era Jesús un cristiano? -- ¿Cómo oró Jesús? -- ¿Por qué Jesús fue exaltado al cielo? -- "¿Y qué?" Algunas implicaciones. | ||
| 563 | _aRústico | ||
| 600 | 0 | 7 |
_aJesucristo _xCrucifixión |
| 600 | 0 | 7 |
_aJesucristo _xDivinidad |
| 653 | _aMesías | ||
| 942 | _cBK | ||
| 945 |
_aJTF-925 _bAEM-53 |
||